000 00624nam a2200205Ia 4500
008 191130s1973##################000#0#eng##
020 _a9780521097567
022 _a74155266
040 _aACL
_cACL
082 _a229.3077 CLA
100 _aClarke, Ernest G
245 _aThe wisdom of Solomon
_ccommentary by Ernest G. Clarke
260 _aCambridge
_bUniversity Press
_c1973
300 _axii, 136 p. 21 cm
500 _aIncludes bibliographical references
650 _aBible. O.T. Apocrypha. Wisdom of Solomon - Commentaries
990 _a3876f0f4ac10000c4f097b04949b7869
991 _a84978
999 _c420361
_d420361